000 00475nam a2200133Ia 4500
008 100204s9999 xx 000 0 und d
082 _b13136
100 _aभावे ह. अ.
245 _aमाझा भारत महान ( 1990 - 91 )
260 _b"वरदा बुक्स , पुणे"
_c1990
630 _aमाझा भारत महान ( 1990 - 91 )
730 _aमाझा भारत महान ( 1990 - 91 )
942 _cBOOK
999 _c457568
_d457565